Дело о выкупе земельных наделов временнообязанными крестьянами П.А. Мерчанской сельца Подгорного Липяга Усманcкого уезда Тамбовс...

Доступно только в Электронных читальных залах Найти на картеНа карте
RUSMARC
00003923nmc2a2200000 x 450
0015e8c366a-6dd3-4098-8fea-b82d40a05da9
00520151221142624.0
100##$a20140417l18671867k l0rusy0189 ca
1010#$arus
102##$aRU
2001#$aДело о выкупе земельных наделов временнообязанными крестьянами П.А. Мерчанской сельца Подгорного Липяга Усманcкого уезда Тамбовской губернии
$j22 мая - 9 сентября 1867 г.
251##$cДело
300##$aДело
300##$aОриг. заголовок дела: Дело Мерчанской П.А. Тамбовской губернии Усманcкого уезда сельца Подгорного Липяга. 22 мая 1867 г. - 9 сентября 1867 г
801#0$aRU
$bРГИА
$c20140417
$gRCR
801#1$aRU
$bГлавНИВЦ
$c20140417
$2rusmarc
801#2$aRU
$bПБ им. Б.Н. Ельцина
$c20151221
$gRCR
$2rusmarc
850##$aРГИА
852##$aРГИА
$eФедеральное казенное учреждение "Российский государственный исторический архив" (РГИА)
$j2059
937##$hРГИА
$d11110886
$aASBIBLIO_SCAN
462#0$10017c5e74c9-979b-46fc-b2dd-52a15592f082
$12001
$a1863-1889 гг.
$1251
$cОпись
$1852
$j40
461#0$10018ef30ad5-ff5c-4840-a721-74c62a200f95
$12001
$aГлавное выкупное учреждение Министерства финансов
$1251
$cФонд
$1852
$j577
215##$a31 л.
$d36,5х26 см
371##$aДокумент не является опубликованным и широко распространяемым
105##$ay###
1222#$ad
5171#$aДело Мерчанской П.А. Тамбовской губернии Усманcкого уезда сельца Подгорного Липяга. 22 мая 1867 г. - 9 сентября 1867 г.
035##$a5e8c366a-6dd3-4098-8fea-b82d40a05da9
Формат отображения